000 00804nam a2200253 i 4500
001 bg
100 1 _aSutor, Julian.
245 1 0 _aPrawo dyplomatyczne i konsularne /
_cJulian Sutor.
250 _aWyd. 6 zm., stan prawny na dzień 30 czerwca 1999 r.
260 _aWarszawa :
_bWydawnictwa Prawnicze PWN,
_c2000.
300 _a471 s. ;
_c24 cm.
504 _aBibliogr.
650 9 _aKonsulaty
_xprawo międzynarodowe
_ystan na 1999 r.
650 9 _aSłużba zagraniczna
_xprawo międzynarodowe
_ystan na 1999 r.
655 _aPodręczniki
020 _a838755877X
040 _cBPK
041 0 _apl
080 _a341.7/.8(07)
920 _a83-87558-77-X
942 _cKS
008 s pl f |000 0 pol
999 _c39135
_d39135
856 _uhttp://koha.tu.koszalin.pl/cgi-bin/koha/opac-detail.pl?biblionumber=39135
_yKatalog online BPK